<?xml version="1.0" encoding="UTF-8"?>
<record
    xmlns:xsi="http://www.w3.org/2001/XMLSchema-instance"
    xsi:schemaLocation="http://www.loc.gov/MARC21/slim http://www.loc.gov/standards/marcxml/schema/MARC21slim.xsd"
    xmlns="http://www.loc.gov/MARC21/slim">

  <leader>00974nam a22001817a 4500</leader>
  <controlfield tag="005">20210414114049.0</controlfield>
  <controlfield tag="008">120718t        xxu||||| |||| 00| 0 eng d</controlfield>
  <datafield tag="020" ind1=" " ind2=" ">
    <subfield code="a">0340781483</subfield>
  </datafield>
  <datafield tag="050" ind1=" " ind2=" ">
    <subfield code="a">PN4855.P93</subfield>
  </datafield>
  <datafield tag="100" ind1=" " ind2=" ">
    <subfield code="a">Pridmore, Geoff </subfield>
  </datafield>
  <datafield tag="245" ind1=" " ind2=" ">
    <subfield code="a">Teach yourself journalism. /</subfield>
    <subfield code="c">Geoff Pridmore</subfield>
  </datafield>
  <datafield tag="260" ind1=" " ind2=" ">
    <subfield code="a">London:</subfield>
    <subfield code="b">Hodder Headline Plc,</subfield>
    <subfield code="c">2000.</subfield>
  </datafield>
  <datafield tag="300" ind1=" " ind2=" ">
    <subfield code="a">vii, 214 p.:</subfield>
    <subfield code="b">ill.;</subfield>
    <subfield code="c">20 cm.</subfield>
  </datafield>
  <datafield tag="500" ind1=" " ind2=" ">
    <subfield code="a">Includes index.</subfield>
  </datafield>
  <datafield tag="505" ind1=" " ind2=" ">
    <subfield code="a">Contents: An Education in journalism -- Interview with Adrian Butterworth -- Journalism is... -- Interview with Tristan Nichols -- Writing -- Writing news -- Freelance print journalism -- Interview with Kate Moseley -- The Writer as photographer -- Freelance photojournalism -- Photojournalism -- The Press photographer -- Television news -- Radio journalism -- Interview with Caroline Hodgson -- Internet journalism -- Specialist press -- Trade union membership -- The Journalist as a soldier.</subfield>
  </datafield>
  <datafield tag="650" ind1=" " ind2=" ">
    <subfield code="a">Journalism</subfield>
  </datafield>
  <datafield tag="942" ind1=" " ind2=" ">
    <subfield code="2">lcc</subfield>
    <subfield code="c">BK</subfield>
  </datafield>
  <datafield tag="999" ind1=" " ind2=" ">
    <subfield code="c">1727</subfield>
    <subfield code="d">9227</subfield>
  </datafield>
  <datafield tag="952" ind1=" " ind2=" ">
    <subfield code="0">0</subfield>
    <subfield code="1">0</subfield>
    <subfield code="2">lcc</subfield>
    <subfield code="4">0</subfield>
    <subfield code="7">0</subfield>
    <subfield code="a">WIUC-1</subfield>
    <subfield code="b">WIUC-1</subfield>
    <subfield code="c">GEN</subfield>
    <subfield code="d">2012-07-18</subfield>
    <subfield code="l">0</subfield>
    <subfield code="o">PN4855.P93</subfield>
    <subfield code="p">4216/12</subfield>
    <subfield code="r">2012-07-18 00:00:00</subfield>
    <subfield code="t">1</subfield>
    <subfield code="w">2012-07-18</subfield>
    <subfield code="y">BK</subfield>
  </datafield>
  <datafield tag="952" ind1=" " ind2=" ">
    <subfield code="0">0</subfield>
    <subfield code="1">0</subfield>
    <subfield code="2">lcc</subfield>
    <subfield code="4">0</subfield>
    <subfield code="7">0</subfield>
    <subfield code="a">WIUC-1</subfield>
    <subfield code="b">WIUC-1</subfield>
    <subfield code="c">GEN</subfield>
    <subfield code="d">2012-07-18</subfield>
    <subfield code="l">0</subfield>
    <subfield code="o">PN4855.P931</subfield>
    <subfield code="p">4217/12</subfield>
    <subfield code="r">2012-07-18 00:00:00</subfield>
    <subfield code="t">2</subfield>
    <subfield code="w">2012-07-18</subfield>
    <subfield code="y">BK</subfield>
  </datafield>
  <datafield tag="952" ind1=" " ind2=" ">
    <subfield code="0">0</subfield>
    <subfield code="1">0</subfield>
    <subfield code="2">lcc</subfield>
    <subfield code="4">0</subfield>
    <subfield code="7">0</subfield>
    <subfield code="a">WIUC-1</subfield>
    <subfield code="b">WIUC-1</subfield>
    <subfield code="c">GEN</subfield>
    <subfield code="d">2012-07-18</subfield>
    <subfield code="l">0</subfield>
    <subfield code="o">PN4855.P932</subfield>
    <subfield code="p">4218/12</subfield>
    <subfield code="r">2012-07-18 00:00:00</subfield>
    <subfield code="t">3</subfield>
    <subfield code="w">2012-07-18</subfield>
    <subfield code="y">BK</subfield>
  </datafield>
  <datafield tag="952" ind1=" " ind2=" ">
    <subfield code="0">0</subfield>
    <subfield code="1">0</subfield>
    <subfield code="2">lcc</subfield>
    <subfield code="4">0</subfield>
    <subfield code="7">0</subfield>
    <subfield code="a">WIUC-1</subfield>
    <subfield code="b">WIUC-1</subfield>
    <subfield code="c">GEN</subfield>
    <subfield code="d">2012-07-18</subfield>
    <subfield code="l">0</subfield>
    <subfield code="o">PN4855.P933</subfield>
    <subfield code="p">4219/12</subfield>
    <subfield code="r">2012-07-18 00:00:00</subfield>
    <subfield code="t">4</subfield>
    <subfield code="w">2012-07-18</subfield>
    <subfield code="y">BK</subfield>
  </datafield>
</record>
